| 000 | 00518nam a2200133 a 4500 | ||
|---|---|---|---|
| 008 | 120416s9999 ||||||||||||||||| || u | ||
| 050 | _aCBU-UG THESIS/MWI | ||
| 100 | _aMwila, Patricia | ||
| 245 | 1 | 4 | _aThe impact of automated systems on effective materials handling and storage |
| 246 | _aa case study of National breweries PLC, Kitwe | ||
| 260 | _a2004 | ||
| 350 | _a0.00 | ||
| 995 |
_D0.00 _FCBU-MAIN LIBRARY (Kitwe) _H1 _I0.00 _UAVAILABLE _ZUniversity Collection |
||
| 999 |
_c46220 _d46220 |
||